Top 10 Texas Rangers of All-Time - Statistics

General Stats
  • This quiz has been taken 1,651 times
    1,270 since last reset
  • The average score is 5 of 10
Answer Stats
WAR Years Position Answer % Correct
49.3 1991-2002 C Ivan Rodriguez
95%
36.0 2011-2018 3B Adrian Beltre
88%
30.0 2009-2020 SS Elvis Andrus
72%
29.4 2006-2013 2B Ian Kinsler
59%
42.3 1989-1993, 1999-2003 1B Rafael Palmeiro
51%
30.3 1989-1999, 2002-2003 OF Juan Gonzalez
47%
34.6 1979-1985, 1989 3B Buddy Bell
22%
31.4 1974-1983, 1988-1989 C Jim Sundberg
17%
29.5 1969-1978, 1985-1986 SS/3B Toby Harrah
13%
27.9 1965-1972 OF Frank Howard
11%
No matching quizzes found
Score Distribution
Percent of People with Each Score
Percentile by Number Answered
Your Score History
You have not taken this quiz since the last reset